Music Quiz

Random Music or Lyrics Quiz

'More than a woman' Lyrics by Bee Gees Quiz Stats

 Plays Quiz not verified by Sporcle

Also try: Who's the Singer?
Challenge
Share
Tweet
Embed
Score 0/248 Timer 10:00
0 Plays Today
% Correct
a
98.4%
a
98.4%
a
98.4%
a
98.4%
a
98.4%
a
98.4%
a
98.4%
a
98.4%
a
98.4%
a
98.4%
a
98.4%
a
98.4%
a
98.4%
a
98.4%
a
98.4%
a
98.4%
Oh-oh! Oh! Oh-oh!
97.3%
Oh! Oh-oh! Oh-oh!
97.3%
Oh-oh! Oh! Oh-oh!
97.3%
Oh! Oh-oh! Oh! Oh!
97.3%
Oh!
96.8%
Oh,
96.8%
Oh,
96.8%
I
96.2%
I
96.2%
me
96.2%
to
96.2%
I
96.2%
I
96.2%
I
96.2%
I
96.2%
More
96.2%
woman,
96.2%
more
96.2%
woman
96.2%
to
96.2%
me.
96.2%
More
96.2%
me,
96.2%
I
96.2%
I
96.2%
I
96.2%
to
96.2%
I
96.2%
I
96.2%
I
96.2%
More
96.2%
woman,
96.2%
more
96.2%
woman
96.2%
to
96.2%
me.
96.2%
More
96.2%
More
96.2%
woman,
96.2%
more
96.2%
woman
96.2%
to
96.2%
x4
96.2%
me.
96.2%
to
96.2%
woman
96.2%
more
96.2%
woman,
96.2%
me.
96.2%
to
96.2%
woman
96.2%
more
96.2%
woman,
96.2%
you
95.7%
you
95.7%
you
95.7%
You
95.7%
you.
95.7%
you
95.7%
than
95.7%
than
95.7%
you
95.7%
you,
95.7%
you
95.7%
than
95.7%
than
95.7%
than
95.7%
% Correct
than
95.7%
than
95.7%
than
95.7%
than
95.7%
than
95.7%
we
91.9%
can
91.9%
We
91.9%
can
91.9%
can
91.9%
we
91.9%
we
91.9%
can
91.9%
We
91.9%
can
91.9%
know
91.4%
know
91.4%
in
90.9%
in
90.9%
in
90.9%
in
90.9%
in
90.9%
my
90.3%
my
90.3%
my
90.3%
my
90.3%
my
90.3%
my
90.3%
be
88.2%
it
88.2%
be
88.2%
it
88.2%
and
87.6%
And
87.6%
and
87.6%
and
87.6%
and
87.6%
And
87.6%
your
87.1%
for
87.1%
for
87.1%
your
87.1%
the
86%
the
86%
on
85.5%
you're
84.9%
love
84.4%
love
84.4%
love,
84.4%
just
82.8%
just
82.8%
at
82.8%
just
82.8%
at
82.8%
now
82.3%
now,
82.3%
time.
82.3%
see
82.3%
time.
82.3%
if
81.7%
if
81.7%
make
81.2%
make
81.2%
go.
79.6%
Girl,
78.5%
well,
78.5%
take
78.5%
baby,
78.5%
take
78.5%
baby,
78.5%
take
78.5%
but
78%
I've
77.4%
I've
77.4%
day.
77.4%
day
77.4%
you'll
77.4%
forever,
77.4%
you'll
77.4%
forever,
77.4%
that
76.9%
that
76.9%
only
76.3%
% Correct
'bout
76.3%
only
76.3%
only
76.3%
always
75.8%
always
75.8%
of
75.3%
of
75.3%
every
74.2%
would
74.2%
say
74.2%
minute
74.2%
would
74.2%
say
74.2%
minute
74.2%
way
73.7%
way
73.7%
die.
73.1%
die.
73.1%
very
72%
life,
72%
think
72%
is
72%
is
72%
away.
71%
with
71%
breath
70.4%
are
69.9%
do.
69.4%
so
69.4%
seen
68.8%
never
68.8%
This
68.8%
this
68.8%
lose
68.3%
lose
68.3%
night,
67.2%
got
66.7%
known
66.1%
There
66.1%
shine.
65.6%
shine.
65.6%
happiness.
64.5%
Here
64%
arms
62.4%
chance
62.4%
before,
61.8%
Suddenly
61.8%
I'd
59.7%
let
59.1%
really
58.6%
hold
58.1%
paradise,
57.5%
feel
57.5%
fall
57.5%
again.
57%
looked
56.5%
working
55.9%
keep
55.9%
everything
55.4%
found
55.4%
like
54.8%
years
54.3%
trying
53.8%
history
53.2%
repeat
53.2%
how
53.2%
thousand
53.2%
part
52.7%
should
52.7%
people
52.2%
itself.
52.2%
people
52.2%
fly,
51.6%
growing
49.5%
true
49.5%
myself
48.4%
stories
46.2%
old
42.5%
then,
38.2%
those
37.1%
thinking
34.4%
Reflecting
28.5%

You're not logged in!

Compare scores with friends on all Sporcle quizzes.
OR
Log In

You Might Also Like...

Show Comments

Extras

Top Quizzes Today


Score Distribution

Your Account Isn't Verified!

In order to create a playlist on Sporcle, you need to verify the email address you used during registration. Go to your Sporcle Settings to finish the process.

Report this User

Report this user for behavior that violates our Community Guidelines.

Details: